02134cam a22004937a 4500003000500000005001700005008004100022010001000063011001000073035001000083040000900093090001000102100003600112245021400148260004100362300003200403502007600435530003600511590003700547590004100584590004100625590004100666590004100707590004100748590004100789590004100830590003700871590004200908650003400950650002800984650003301012650005701045700003801102856006301140856001601203901000701219905001201226942000901238949006201247949004801309999001701357952014001374952012601514CHAP20220329142825.0040525s2003 mx a r 00010 spa d a88311 a89283 a99834 cCHAP aTesis00aMota Solar, Elmer Elí.97907010aCurvas de respuesta para evaluar el comportamiento productivo y calidad de huevo en gallinas de postura alimentadas con dieta a base de proteína ideal"c/por Elmer Elí Mota Solar y David Cervantes García aChapingo, Méx. :bEl autor,c2003. a58 h. :bgráfs.; cuadros. aTesis (Ing. Agr. Esp. en Zootecnia) -- UACH. Departamento de Zootecnia. aTambién disponible en línea aALEPHb10c20130110lUCH01h1457 aBATCH-UPDb10c20130110lUCH01h0002 aBATCH-UPDb10c20130110lUCH01h0419 aBATCH-UPDb10c20130409lUCH01h1937 aBATCH-UPDb10c20130410lUCH01h0340 aBATCH-UPDb10c20130914lUCH01h0916 aBATCH-UPDb10c20140324lUCH01h1443 aBATCH-UPDb10c20141002lUCH01h0821 aBATCHb00c20181121lUCH01h0759 aCONVERSIONb10c20130109lUCH01h134914aGallinasxNutrición.94444314aHuevosxCalidad.95674214aHuevosxProducción.95675914aProteínas en nutrición de aves de corral.9924550 aCervantes García, David.921563 3Finding aiduhttp://10.13.5.2/tesis/99834.pdfzTeclea aqui a1 n0001518 aBK aElisama cFOLL aTesisbBCcTESd33724000922415eTS2fc.2h41688i99834sb aTesisbBCcTESd99834eTS1h41687i99834sb c88311d88311 00102local4053708TESISaBCbBCcPA_TESISd2019-12-31fTESISl0oTesisp33724000922415r2019-12-31 00:00:00tc.2w2019-12-31yTESIS 00102local4051708TESISaBCbBCcPA_TESISd2019-12-31fTESISl0oTesisp99834r2019-12-31 00:00:00w2019-12-31yTESIS